000 00611nam a2200217Ia 4500
005 20250326144451.0
008 250326s9999 xx 000 0 und d
020 _a978-0-8144-7413-6; 0-8144-7413-6
037 _aTextbook
040 _aFMSL
_beng
_cFMSL
041 _aeng
_2eng
084 _aX:8 P7
_qFMSL
100 _aWithers Bill
_9749706
245 0 _aResolving conflicts on the job
_cWithers Bill; Wisinski Jerry
250 _a2
260 _aNew York
_bNew York, Amacom
_c2007
300 _axiii,93
365 _b632.86649999999997
942 _cTB
_hX:8 P7
999 _c1303806
_d1303806